| 000 | 01303nam a22003017a 4500 | ||
|---|---|---|---|
| 999 |
_c19268 _d19268 |
||
| 001 | 15346934 | ||
| 003 | OSt | ||
| 005 | 20210114093108.0 | ||
| 008 | 161005b xxu||||| |||| 00| 0 eng d | ||
| 010 | _a 2008421318 | ||
| 020 | _a976617010X (pbk.) | ||
| 040 |
_aMMU _cMMU _dMMU _dMMU _beng |
||
| 050 | 0 | 0 |
_aHD403.2 _b.L365 2001 |
| 245 | 0 | 0 |
_aLand and water resources management in the Caribbean : _bproceedings of a conference held 2-4 October 2000 at Accra Beach Hotel, Barbados / _cedited by Compton L. Paul and Jacob Opadeyi ; technical editing by Nazeer Ahmad. |
| 260 |
_aSt. Augustine, Trinidad and Tobago : _bCARDI : _bUniversity of the West Indies Campus, _c2001. |
||
| 300 |
_aiv, 254 p. : _bill., maps ; _c23 cm. |
||
| 500 | _aIncludes bibliographical references. | ||
| 650 | 0 |
_aNatural resources _zCaribbean Area _vCongresses. |
|
| 650 | 0 |
_aLand use _zCaribbean Are _vVaribbean Area. |
|
| 650 | 0 |
_aWater resources development _zCaribbean Area _vCongresses. |
|
| 650 | 0 |
_aWater-supply _zCaribbean Area _vCongresses. |
|
| 650 | 0 |
_aConservation of natural resources _zCaribbean Area _vCongresses. |
|
| 650 | 0 |
_aAgricultural conservation _zCaribbean Area _vCongresses. |
|
| 700 | 1 | _aPaul, Compton L. | |
| 700 | 1 | _aOpadeyi, Jacob. | |
| 700 | 1 |
_aAhmad, N. _q(Nazeer), _d1932- |
|
| 942 |
_2lcc _cLOAN LOAN |
||